The Reformed family worldwide : (Record no. 1303)

MARC details
000 -LEADER
fixed length control field 01221cam a2200289 a 4500
001 - CONTROL NUMBER
control field 2616718
003 - CONTROL NUMBER IDENTIFIER
control field GBCCL
005 - DATE AND TIME OF LATEST TRANSACTION
control field 20241126110358.0
008 - FIXED-LENGTH DATA ELEMENTS--GENERAL INFORMATION
fixed length control field 980915s1999 miuab b 000 0 eng
010 ## -
-- 98037771
020 ## - INTERNATIONAL STANDARD BOOK NUMBER
International Standard Book Number 0802844960 (pbk. : alk. paper)
040 ## - CATALOGING SOURCE
Original cataloging agency DLC
Transcribing agency DLC
Modifying agency DLC
050 00 -
-- BX9422.2
-- .R44 1999
082 00 - DEWEY DECIMAL CLASSIFICATION NUMBER
Classification number 284.2
Edition information 21
Item number REF
245 04 - TITLE STATEMENT
Title The Reformed family worldwide :
Remainder of title a survey of Reformed Churches, theological schools, and international organizations /
Statement of responsibility, etc. compiled and edited by Jean-Jacques Bauswein and Lukas Vischer.
260 ## - PUBLICATION, DISTRIBUTION, ETC.
Place of publication, distribution, etc. Grand Rapids, Mich. :
Name of publisher, distributor, etc. W.B. Eerdmans,
Date of publication, distribution, etc. c1999.
300 ## - PHYSICAL DESCRIPTION
Extent xiii, 740 p. :
Other physical details ill., maps ;
Dimensions 24 cm.
500 ## - GENERAL NOTE
General note "A project of the International Reformed Center John Knox, Geneva, Switzerland.
504 ## - BIBLIOGRAPHY, ETC. NOTE
Bibliography, etc. note Includes bibliographical references.
650 #0 - SUBJECT ADDED ENTRY--TOPICAL TERM
Topical term or geographic name entry element Reformed Church.
9 (RLIN) 2526
700 1# - ADDED ENTRY--PERSONAL NAME
Personal name Bauswein, Jean-Jacques.
9 (RLIN) 2527
700 1# - ADDED ENTRY--PERSONAL NAME
Personal name Vischer, Lukas.
9 (RLIN) 2528
710 2# - ADDED ENTRY--CORPORATE NAME
Corporate name or jurisdiction name as entry element International Reformed Center John Knox.
9 (RLIN) 2529
906 ## - LOCAL DATA ELEMENT F, LDF (RLIN)
a 7
b cbc
c orignew
d 1
e ocip
f 19
g y-gencatlg
942 ## - ADDED ENTRY ELEMENTS (KOHA)
Source of classification or shelving scheme Dewey Decimal Classification
Koha item type Books
Holdings
Withdrawn status Lost status Source of classification or shelving scheme Damaged status Not for loan Home library Current Library Shelving location Date acquired Total checkouts Full call number Barcode Date last seen Copy number Price effective from Koha item type
    Dewey Decimal Classification     GRACE BIBLE COLLEGE GRACE BIBLE COLLEGE Church History 2017-04-24   284.2 REF 005583 2025-05-01 c.1 2017-04-24 Books
© Grace Bible College Library 2025